African population studies series number 13: Urban environment and Health in ECA member states (Record no. 84928)
[ view plain ]
| 000 -LEADER | |
|---|---|
| fixed length control field | 00849 a2200205 4500 |
| 003 - CONTROL NUMBER IDENTIFIER | |
| control field | CBULib |
| 005 - DATE AND TIME OF LATEST TRANSACTION | |
| control field | 20240528130505.0 |
| 008 - FIXED-LENGTH DATA ELEMENTS--GENERAL INFORMATION | |
| fixed length control field | 240417b |||||||| |||| 00| 0 eng d |
| 040 ## - CATALOGING SOURCE | |
| Original cataloging agency | CBULib |
| Language of cataloging | English |
| Transcribing agency | CBULib |
| Modifying agency | CBULib |
| Description conventions | rda |
| 050 ## - LIBRARY OF CONGRESS CALL NUMBER | |
| Classification number | UNECA(08)APS/1996/13 |
| 110 ## - MAIN ENTRY--CORPORATE NAME | |
| Corporate name or jurisdiction name as entry element | United Nations Economic Commissions for Africa (UNECA) |
| 9 (RLIN) | 631 |
| 245 ## - TITLE STATEMENT | |
| Title | African population studies series number 13: Urban environment and Health in ECA member states |
| Statement of responsibility, etc | /byUnited Nations Economic Commissions for Africa(UNECA) |
| 260 ## - PUBLICATION, DISTRIBUTION, ETC. (IMPRINT) | |
| Name of publisher, distributor, etc | United Nations Economic Commissions for Africa(UNECA) |
| Date of publication, distribution, etc | 1996 |
| Place of publication, distribution, etc | United Nations |
| 300 ## - PHYSICAL DESCRIPTION | |
| Extent | v,102 pages : illustrations |
| 336 ## - CONTENT TYPE | |
| Source | rdacontent |
| Content type term | Text | |
| Content type code | txt |
| 337 ## - MEDIA TYPE | |
| Source | rdamedia |
| Media type term | Unmediated | |
| Media type code | n |
| 338 ## - CARRIER TYPE | |
| Source | rdacarrier |
| Carrier type term | Volume |
| Carrier type code | nc |
| 610 #0 - SUBJECT ADDED ENTRY--CORPORATE NAME | |
| Corporate name or jurisdiction name as entry element | United Nations Economic Commissions for Africa (UNECA) |
| 9 (RLIN) | 631 |
| 942 ## - ADDED ENTRY ELEMENTS (KOHA) | |
| Source of classification or shelving scheme | |
| Koha item type | INTERNATIONAL PUBLICATIONS |
| Withdrawn status | Lost status | Source of classification or shelving scheme | Damaged status | Not for loan | Collection code | Permanent Location | Current Location | Shelving location | Date acquired | Source of acquisition | Total Checkouts | Full call number | Barcode | Date last seen | Price effective from | Koha item type |
|---|---|---|---|---|---|---|---|---|---|---|---|---|---|---|---|---|
| Special Collections | CBU-MAIN LIBRARY, KITWE. | CBU-MAIN LIBRARY, KITWE. | Special Collections | 04/17/2024 | DEP-UNECA | UNECA(08)APS/1996/13 | 03006751 | 04/17/2024 | 04/17/2024 | INTERNATIONAL PUBLICATIONS |